000 00766nam a22002417a 4500
003 UA-OsUOA
001 117769
007 ta
008 20160615b un ||||| |||| 00| 0 ukr d
100 _aЗалізняк Л.Л.. Сорокун А.А.
700 _aПереверзєв С.В.
700 _aХоптинець І.М.
090 _a902
_bЗ-23
942 _cSA
040 _aUA-OsUOA
_bukr
_cUA-OsUOA
_dUA-OsUOA
245 _aНеополітизація Київського Подніпров'я у світлі нових досліджень
300 _aС.3-19
955 _a0
041 _aukr
080 _a902
773 0 _w117768
_tАрхеологія
_dК.
_d2016
_g1
650 7 _a9 Географія. Біографії. Історія
_2UDC
999 _c403808
_d403808